Comparative study on travel preferences of Filipinos during pre COVID-19 pandemic and during COVID-19 pandemic (Record no. 367244)
[ view plain ]
| 000 -LEADER | |
|---|---|
| fixed length control field | 00915nam a22002297a 4500 |
| 003 - CONTROL NUMBER IDENTIFIER | |
| control field | 0 |
| 005 - DATE AND TIME OF LATEST TRANSACTION | |
| control field | 20250218105341.0 |
| 008 - FIXED-LENGTH DATA ELEMENTS--GENERAL INFORMATION | |
| fixed length control field | 250218b xxu||||| |||| 00| 0 eng d |
| 050 ## - LIBRARY OF CONGRESS CALL NUMBER | |
| Classification number | G 155 |
| Item number | .D66 2023 |
| 100 ## - MAIN ENTRY--PERSONAL NAME | |
| Personal name | Domingo, Kathleen Joy R. |
| 245 ## - TITLE STATEMENT | |
| Title | Comparative study on travel preferences of Filipinos during pre COVID-19 pandemic and during COVID-19 pandemic |
| Statement of responsibility, etc | Kathleen Joy R. Domingo and Czarina Mae F. Garchitorena |
| 260 ## - PUBLICATION, DISTRIBUTION, ETC. (IMPRINT) | |
| Place of publication, distribution, etc | Las Pinas City |
| Name of publisher, distributor, etc | Southville International School and Colleges |
| Date of publication, distribution, etc | c2023 |
| 300 ## - PHYSICAL DESCRIPTION | |
| Extent | ix, 159 pages ; |
| Dimensions | 28cm. |
| 500 ## - GENERAL NOTE | |
| General note | Bachelor of Science in Tourism.<br/> |
| 504 ## - BIBLIOGRAPHY, ETC. NOTE | |
| Bibliography, etc | Includes bibliographical references and appendices. <br/> |
| 650 ## - SUBJECT ADDED ENTRY--TOPICAL TERM | |
| Topical term or geographic name as entry element | Tourism—Philippines. |
| 650 ## - SUBJECT ADDED ENTRY--TOPICAL TERM | |
| Topical term or geographic name as entry element | Travel behavior—Philippines. |
| 650 ## - SUBJECT ADDED ENTRY--TOPICAL TERM | |
| Topical term or geographic name as entry element | COVID-19 Pandemic, 2020—Impact. |
| 650 ## - SUBJECT ADDED ENTRY--TOPICAL TERM | |
| Topical term or geographic name as entry element | Travel preferences—Philippines. |
| 700 ## - ADDED ENTRY--PERSONAL NAME | |
| Personal name | Garchitorena, Czarina Mae F. |
| 942 ## - ADDED ENTRY ELEMENTS (KOHA) | |
| Source of classification or shelving scheme | Library of Congress Classification |
| Koha item type | Theses |
| Withdrawn status | Lost status | Source of classification or shelving scheme | Damaged status | Home library | Current library | Shelving location | Date acquired | Source of acquisition | Sub Shelving location | Total Checkouts | Full call number | Barcode | Date last seen | Price effective from | Koha item type |
|---|---|---|---|---|---|---|---|---|---|---|---|---|---|---|---|
| Library of Congress Classification | College Library | College Library | Theses Section | 02/18/2025 | Donation | G 155 .D66 2023 | T1443 | 02/18/2025 | 02/18/2025 | Theses |